| 000 | 00000nam##2200000za#4500 |
| 001 | 9.663344 |
| 003 | CaOODSP |
| 005 | 20200401051832 |
| 007 | ta |
| 008 | 150407|2001||||xxc||||| f|0| 0 fre|d |
| 020 | |a0-662-66195-8 |
| 040 | |aCaOODSP|bfre |
| 041 | |aeng |
| 041 | |afre |
| 043 | |an-cn--- |
| 086 | 1 |aSW21-87/2001 |
| 110 | 1 |aCanada. |bCondition féminine Canada. |
| 245 | 10|aPolitique internationale en matière de commerce: une introduction / |cpar Kathleen Macmillan. |
| 260 | |aOttawa - Ontario : |bCondition féminine Canada |c2001. |
| 300 | |aTexte français, 43p. : |c28 cm. |
| 500 | |aDonnées de catalogage avant publication (Canada) imprimées dans cette publication. |
| 504 | |aBibliographie. |
| 546 | |aBilingue |
| 563 | |aReliure à spirale |
| 590 | |a01-51|b2001-12-28 |
| 691 | 07|aPolitique commerciale|2gcpds |
| 691 | 07|aCommerce extérieur|2gcpds |
| 691 | 07|aLibre-échange|2gcpds |
| 691 | 07|aCondition de la femme|2gcpds |
| 720 | 1 |aMacmillan, Kathleen |
| 776 | 0#|tInternational trade policy : a primer / |w(CaOODSP)9.688485 |
| 776 | 0#|tPolitique internationale en matière de commerce : une introduction / |w(CaOODSP)9.632910 |
| 791 | |tInternational trade policy: a primer / |eeng|w(CaOODSP)9.663343 |